Statistics for Countries Pope Francis has visited

Click here to take the quiz!

General Stats

  • This quiz has been taken 235 times
    (55 since last reset)
  • The average score is 37 of 58

Answer Stats

ContinentCountry% Correct
EuropeItaly
96%
South AmericaArgentina
94%
North AmericaUnited States of America
94%
South AmericaBrazil
92%
EuropePortugal
92%
EuropeFrance
90%
North AmericaMexico
90%
North AmericaCanada
88%
South AmericaColombia
83%
AsiaIsrael
83%
EuropePoland
83%
Asia/ EuropeTurkey
83%
EuropeIreland
79%
AsiaJapan
79%
South AmericaBolivia
77%
EuropeGreece
77%
South AmericaPeru
75%
South AmericaChile
73%
AfricaEgypt
73%
South AmericaParaguay
73%
EuropeAlbania
71%
South AmericaEcuador
69%
EuropeEstonia
69%
North AmericaCuba
67%
EuropeHungary
67%
EuropeLatvia
67%
EuropeLithuania
67%
EuropeMalta
67%
EuropeRomania
67%
EuropeSlovakia
67%
EuropeSwitzerland
67%
AsiaArmenia
65%
EuropeBosnia and Herzegovina
65%
Asiathe Philippines
65%
AfricaDemocratic Republic of the Congo
63%
AfricaMorocco
63%
AsiaGeorgia
60%
North AmericaPanama
60%
AsiaUnited Arab Emirates
58%
EuropeBulgaria
56%
AfricaKenya
56%
EuropeNorth Macedonia
56%
AsiaAzerbaijan
54%
AsiaJordan
54%
AsiaIraq
52%
AfricaUganda
52%
EuropeCyprus
50%
AsiaThailand
48%
AsiaBangladesh
44%
AsiaBahrain
38%
AfricaCentral African Republic
38%
AfricaMozambique
38%
AsiaKazakhstan
33%
AfricaMadagascar
31%
AsiaMyanmar
31%
AfricaMauritius
27%
AsiaSri Lanka
27%
AsiaPalestine
21%

Score Distribution

Percentile by Number Answered

Percent of People with Each Score

Your Score History

You have not taken this quiz since the last reset